000 00258nam a2200109Ia 4500
008 220204s9999 xx 000 0 und d
082 _a802
_bMAR
100 _aMartin, R J
245 0 _aExpressive English
260 _aBombay
_bTaraporevala
_c1974
942 _cBK
999 _c33089
_d33089